000 00580nam a2200217Ia 4500
005 20241129104358.0
008 241129s9999||||xx |||||||||||||| ||und||
020 _a9781526660527
037 _aTextual
040 _aRTL
_beng
_cRTL
041 _aeng
_2eng
084 _aU8.297 R2
_qRTL
100 _aKeay John
245 0 _aHimalaya: Exploring the roof of the world
_cKeay John
260 _aLondon
_bBloomsbury Circus
_c2022
300 _axliv,377p.
365 _aINR
_b699
650 _aHimalaya
942 _cTB
_hU8.297 R2
999 _c1225638
_d1225638